Statistics for Mets 40-Man Roster 2022

Click here to take the quiz!

General Stats

  • This quiz has been taken 207 times
  • The average score is 19 of 45

Answer Stats

HintAnswer% Correct
20Pete Alonso
100%
48Jacob deGrom
99%
1Jeff McNeil
95%
6Starling Marte
94%
39Edwin Diaz
85%
12Francisco Lindor
85%
9Brandon Nimmo
84%
21Max Scherzer
82%
10Eduardo Escobar
75%
3Tomas Nido
70%
33James McCann
63%
2Dominic Smith
62%
62Drew Smith
61%
38Tylor Megill
61%
67Seth Lugo
58%
99Taijuan Walker
58%
0Adam Ottavino
57%
49Carlos Carrasco
54%
40Chris Bassit
54%
19Mark Cahna
54%
13Luis Guillorme
51%
23David Peterson
50%
28J.D. Davis
49%
30Joely Rodriguez
39%
65Trevor May
31%
29Trevor Williams
29%
4Patrick Mazeika
27%
16Travis Jankowski
27%
18Nick Plummer
20%
68Adonis Medina
16%
66Mark Vientos
16%
43Chasen Shreve
14%
35Colin Holderman
13%
85Stephen Nogosek
12%
60Ronny Mauricio
11%
61Sean Reid-Foley
9%
26Khalil Lee
8%
47Joey Lucchesi
7%
52Locke St. John
7%
70Jose Butto
6%
44Yoan Lopez
6%
63Thomas Szapucki
5%
72Jake Reed
3%
46John Curtiss
2%
25Gosuke Katoh
1%

Score Distribution

Percentile by Number Answered

Percent of People with Each Score

Your Score History

You have not taken this quiz